000 00471nam a2200157Ia 4500
008 151021s9999 xx 000 0 und d
020 _a252031121
050 _aKF4865 .B49 2006
245 _a_How Free Can Religion Be ? / Randall P. Bezanson
260 _aChicago : University of Illinois, 2006
300 _a286 p.
500 _aIncludes index
500 _aIncludes index
650 _a_Church and State -United States
980 _a^d20131105 10:29:36^oanne
999 _c14596
_d14596